=LDR 00000nam 2200000 4500 =001 INLIS000000000001452 =005 20130612085844 =008 ***********************************Ind** =035 ##$$0010-061300000001452 =041 ##$$a Ind =082 ##$$a 843 =090 ##$$a 843, Dum-w =100 ##$$a DUMAS, Alexandre J.R =245 ##$$a Wanita berbunga Camelia, Alexandre Dumas, J.R.; Penerjemah, Ermas =260 ##$$a 1980 $b Jakarta =300 ##$$a 308 hlm, 17 cm =650 ##$$a Fiksi - Prancis =700 ##$$a ERMAS =850 ##$$a NBPNMAT